000
00284nam a22001217a 4500
082
_a
910.25
100
_a
Ahmed, Anis
245
_a
Jamal's Yellow Pages of Pakistan
260
_a
Karachi :
_b
U.S. Publisher,
_c
2007.
300
_a
653 p. ;
_b
28 cm.
500
_a
Paperback.
942
_c
BK
999
_c
34198
_d
34198